| 000 | 00480nam a2200205Ia 4500 | ||
|---|---|---|---|
| 003 | 0100 | ||
| 008 | 130303s9999 xx 000 0 und d | ||
| 020 | _a0304705586 | ||
| 040 | _cARRUPELIB | ||
| 050 | _aLA631.82.K44 | ||
| 245 | _aKey issues in secondary education | ||
| 245 | _bintroductory readings | ||
| 260 | _aLondon | ||
| 260 | _bCassell | ||
| 260 | _C2000 | ||
| 300 | _a174p. | ||
| 300 | _b 24cm. | ||
| 700 | _aBeck, John; Earl, Mary (eds.) | ||
| 942 |
_2lcc _02 |
||
| 999 |
_c65591 _d65591 |
||